Κατάλογος Βιβλιοθηκών Mediterranean College

Έκθεση του Διοικητή για το Έτος 1997 / Προς την 65η Ετήσια Τακτική Γενική Συνέλευση των Μετόχων στις 30 Απριλίου 1998 (Record no. 5197)

MARC details
000 -LEADER
fixed length control field 01125cam a22001814a 4500
005 - ΗΜΕΡΟΜΗΝΙΑ ΚΑΙ ΩΡΑ ΤΕΛΕΥΤΑΙΑΣ ΕΝΗΜΕΡΩΣΗΣ
Πεδίο ελέγχου 20250605163454.0
008 - FIXED-LENGTH DATA ELEMENTS--GENERAL INFORMATION
Πεδίο ελέγχου σταθερού μήκους 250528s ||||||||||||||||||||||||d
035 ## - SYSTEM CONTROL NUMBER
System control number 19963
020 ## - ISBN
ISBN 11050497
040 ## - ΠΗΓΗ ΚΑΤΑΛΟΓΟΓΡΑΦΗΣΗΣ
Φορέας πρωτότυπης καταλογογράφησης MC Athens Campus Library
Γλώσσα καταλογογράφησης Ελληνικά, Μοντέρνα (1453-)
Modifying agency MC Athens Campus Library
Κανόνες περιγραφικής καταλογογράφησης AACR2
245 1# - ΤΙΤΛΟΣ ΚΑΙ ΔΗΛΩΣΗ ΥΠΕΥΘΥΝΟΤΗΤΑΣ
Τίτλος Έκθεση του Διοικητή για το Έτος 1997 / Προς την 65η Ετήσια Τακτική Γενική Συνέλευση των Μετόχων στις 30 Απριλίου 1998
260 ## - PUBLICATION, DISTRIBUTION, ETC.
Name of publisher, distributor, etc. Τράπεζα Της Ελλάδος,
Date of publication, distribution, etc. 1998
300 ## - PHYSICAL DESCRIPTION
Extent 288
520 ## - SUMMARY, ETC.
Summary, etc. Αποτελέσματα Χρήσεων του 1997, Εξελίξεις και Προοπτικές της Ελληνικής Οικονομίας, Οικονομική Δραστηριότητα, Τιμές και Αμοιβή Εργασίας και Επιχειρηματικά Κέρδη, Νομισματικές και Πιστωτικές Εξελίξεις, Δημόσια Οικονομικά, Ισοζλύγιο Πληρωμών, Διεθνής Οικονομία, Πίνακες, Διαγραμματα.
942 ## - ADDED ENTRY ELEMENTS (KOHA)
Koha item type Books
Holdings
Τύπος τεκμηρίου Βιβλιοθήκη Τρέχουσα τοποθεσία Barcode Αριθμός εισαγωγής Ημερομηνία απόκτησης Ταξιθετικό σύμβολο Αριθμός αντιτύπου Κατάσταση απόσυρσης Κατάσταση χαμένου Κατάσταση κατεστραμμένου Μη δανεισμός Σύνολο δανεισμών Ημερομηνία τελευταίας εμφάνισης Η τιμή ισχύει από
Books MC Athens Campus Library MC Athens Campus Library 9780000051967 6173 05/06/2025 332.109 GRE 1           05/06/2025 05/06/2025

MC Athens Campus Library
Πατησίων 94 & Κοδριγκτώνος 13, 104 34
Πελλήνης 8 & Πατησίων 107, 112 51
Τ: +30 210 8899600

MC Thessaloniki Campus Library
Ίωνος Δραγούμη 21, 54625 | Ίωνος Δραγούμη 15, 54625
Τ: +30 2310 287779 – Τ: +30 2314 440300